Estatísticas para Quem atuou neste filme?

Clique aqui para jogar o quiz

Estatísticas Gerais

  • Esse quiz foi jogado 653 vezes
  • A pontuação média é 5 de 20

Estatísticas das Respostas

HintResposta% Correto
Central do Brasil, O Auto da Compadecida, Casa de AreiaFernanda Montenegro
87%
Um Estranho no Ninho, O Iluminado, Tratamento de ChoqueJack Nicholson
54%
Bonequinha de Luxo, Guerra e Paz, SabrinaAudrey Hepburn
46%
O Virgem de 40 Anos, Pequena Miss Sunshine, Agente 86Steve Carell
42%
Abril Despedaçado, Carandiru, HelenoRodrigo Santoro
39%
De Repente 30, O Primeiro Mentiroso, ElektraJennifer Garner
35%
Diário de Uma Paixão, Meninas Malvadas, Meia-noite em ParisRachel McAdams
33%
O Casamento do Meu Melhor Amigo, Quem Vai Ficar com Mary?, Quero ser John MalkovichCameron Diaz
26%
A Cor Púrpura, Mudança de Hábito, Tá Todo Mundo Louco!Whoopi Goldberg
25%
O Curioso Caso de Benjamin Button, Notas Sobre um Escândalo, O AviadorCate Blanchett
24%
(500) Dias com Ela, Sim Senhor!, Quase FamososZooey Deschanel
23%
Ata-me!, Era Uma Vez no México, Vem DançarAntonio Banderas
20%
O Discurso do Rei, Moça com Brinco de Pérola, O Paciente InglêsColin Firth
20%
Ela é a Poderosa, A Sogra, A Manhã SeguinteJane Fonda
16%
12 Anos de Escravidão, Um Método Perigoso, Bastardos InglóriosMichael Fassbender
12%
O Grande Lebowski, Magnólia, Minhas Mães e Meu PaiJulianne Moore
11%
A Bela da Tarde, Indochina, Dançando no EscuroCatherine Deneuve
7%
Feliz Natal, A Hospedeira, TroiaDiane Kruger
5%
Pronta para Amar, Ensaio sobre a Cegueira, BabelGael García Bernal
5%
Busca Frenética, Acima de Qualquer Suspeita, Inimigo ÍntimoHarrison Ford
5%

Distribuição das Pontuações

Percentil de Números Respondidos

Porcentagem de Pessoas com Cada Pontuação

Sua Pontuação Histórica

Você não jogou esse quiz